000 00356nas a22001337a 4500
003 OSt
005 20240513123658.0
008 240513b |||||||| |||| 00| 0 eng d
022 _a2249-071
040 _cMRSPTU
245 _aAsian Journal of Computer Science And Technology
260 _aCoimbatore Tamil Nadu
_bResearch Publication
942 _2ddc
_cPR
_n0
_s1
999 _c10237
_d10237